Κατάλογος Βιβλιοθηκών Mediterranean College

Drawing / Seeing and Observation (Record no. 3909)

MARC details
000 -LEADER
fixed length control field 01267cam a22002054a 4500
005 - ΗΜΕΡΟΜΗΝΙΑ ΚΑΙ ΩΡΑ ΤΕΛΕΥΤΑΙΑΣ ΕΝΗΜΕΡΩΣΗΣ
Πεδίο ελέγχου 20250605164129.0
008 - FIXED-LENGTH DATA ELEMENTS--GENERAL INFORMATION
Πεδίο ελέγχου σταθερού μήκους 250528s ||||||||||||||||||||||||d
035 ## - SYSTEM CONTROL NUMBER
System control number 18558
020 ## - ISBN
ISBN 713636394
040 ## - ΠΗΓΗ ΚΑΤΑΛΟΓΟΓΡΑΦΗΣΗΣ
Φορέας πρωτότυπης καταλογογράφησης MC Athens Campus Library
Γλώσσα καταλογογράφησης Ελληνικά, Μοντέρνα (1453-)
Modifying agency MC Athens Campus Library
Κανόνες περιγραφικής καταλογογράφησης AACR2
245 1# - ΤΙΤΛΟΣ ΚΑΙ ΔΗΛΩΣΗ ΥΠΕΥΘΥΝΟΤΗΤΑΣ
Τίτλος Drawing / Seeing and Observation
260 ## - PUBLICATION, DISTRIBUTION, ETC.
Name of publisher, distributor, etc. B.T. Batsford Ltd,
Date of publication, distribution, etc. 1992
300 ## - PHYSICAL DESCRIPTION
Extent 208
505 0# - FORMATTED CONTENTS NOTE
Formatted contents note Foreword, Introduction, Drawing Techniques and Approaches, Assessing and Drawing Two Dimensions - Height and Width, Rectilinear Forms from Different Viewpoints, Circles and Cylinders and Cones, Forms with no Flat Surfaces, Analysis and Selection, Texture, Some Different Approaches to Observation, Movement, Developing a Personal Language, Some Artists on Drawing, Summary, Ackowledgements, Index.
520 ## - SUMMARY, ETC.
Summary, etc. Foreword, Introduction, Drawing Techniques and Approaches, Assessing and Drawing Two Dimensions - Height and Width, Rectilinear Forms from Different Viewpoints, Circles and Cylinders and Cones, Forms with no Flat Surfaces, Analysis and Selection, Texture, Some Different Approaches to Observation, Movement, Developing a Personal Language, Some Artists on Drawing, Summary, Ackowledgements, Index.
700 1# - ΠΡΟΣΘΕΤΗ ΑΝΑΓΡΑΦΗ--ΦΥΣΙΚΟ ΠΡΟΣΩΠΟ
Personal name Simpson Ian
9 (RLIN) 4818
942 ## - ADDED ENTRY ELEMENTS (KOHA)
Koha item type Books
Holdings
Τύπος τεκμηρίου Βιβλιοθήκη Τρέχουσα τοποθεσία Barcode Αριθμός εισαγωγής Ημερομηνία απόκτησης Ταξιθετικό σύμβολο Αριθμός αντιτύπου Κατάσταση απόσυρσης Κατάσταση χαμένου Κατάσταση κατεστραμμένου Μη δανεισμός Σύνολο δανεισμών Ημερομηνία τελευταίας εμφάνισης Η τιμή ισχύει από
Books MC Athens Campus Library MC Athens Campus Library 9780000039088 3461 05/06/2025 741.2 SIM 1           05/06/2025 05/06/2025

MC Athens Campus Library
Πατησίων 94 & Κοδριγκτώνος 13, 104 34
Πελλήνης 8 & Πατησίων 107, 112 51
Τ: +30 210 8899600

MC Thessaloniki Campus Library
Ίωνος Δραγούμη 21, 54625 | Ίωνος Δραγούμη 15, 54625
Τ: +30 2310 287779 – Τ: +30 2314 440300